| 000 | 00637nam a22001937a 4500 | ||
|---|---|---|---|
| 999 |
_c160461 _d160461 |
||
| 005 | 20190130145925.0 | ||
| 010 | _aENG-124704 | ||
| 020 |
_a9789384139858 _c1350.00 |
||
| 035 | _aEN-108236 | ||
| 037 | _bDBAD/PUB | ||
| 082 | _a371.333 | ||
| 100 | _aSaryawanshi,Milind | ||
| 245 |
_aMedia and Education / _cby Milind Suryawanshi |
||
| 260 |
_aKanpur _bGaurav Books _c2018 |
||
| 270 |
_a132,2nd Floor,Shivram Kripa,Mayur Park,Basant Vihar, _bKanpur _e208021 _k0512-2634444, _mgauravbooks581@gmail.com |
||
| 300 |
_a340 p. _c22cm.(Hb) |
||
| 500 | _aIt includes bibliographical index | ||
| 942 |
_2ddc _cEN _mSUR _h371.333 |
||